| 000 | 01358nam a2200289 4500 | ||
|---|---|---|---|
| 001 | 0000021606 | ||
| 003 | CO-CtgCURN | ||
| 005 | 20250329191002.0 | ||
| 007 | ta | ||
| 008 | 160627s2002 000 0 eng d | ||
| 020 | _a9701506952 | ||
| 040 |
_aCO-CtgCURN _bspa _ccoctgcurn |
||
| 082 | 0 |
_a651 _bV32f |
|
| 100 | 1 | _aVeciana Verges, José María. | |
| 245 | 1 | 0 |
_aFuncion directiva / _cJosé María Verges. |
| 260 |
_aMexico : _bAlfaomega, _c2002. |
||
| 300 | _a288 p. | ||
| 336 | _2rdacontent | ||
| 337 |
_2rdamedia _asin mediacion _bn |
||
| 338 |
_2rdacarrier _avolumen _bnc |
||
| 504 | _aBibliografia (p. 279) | ||
| 505 | 8 | _aConcepto y clases de dirección.--Adopcion de desiciones de política o estrategias.--Conducción del equipo humano.--Planificacion.--Organizacion.--Coordinacion, informacion y comunicación.--La funcion directiva como factor de producción y de competitividad.--La eficacia de funcion directa: nuevas orientaciones.--Mando autoritario.--Estilo relacionado en las relaciones humanas.--Dirección participariva.--Formas de trabajo en equipo en la dirección participativa.--Condiciones que han de reunir los objetivos.--Procesos de fijacion de los objetivos | |
| 650 | 1 | 4 | _aAdministración. |
| 908 | _a160627 | ||
| 942 |
_cBK _h651 _iV32f _2ddc |
||
| 999 |
_c10276 _d10276 |
||